Villes de l'Agglomération du Pays de Montbéliard - Statistiques

Statistiques générales
  • Ce quiz a été pris 41 fois
  • Le résultat moyen est 17 sur 73
Statistiques - réponses
Réponse % Correct
Montbéliard
95%
Audincourt
73%
Sochaux
73%
Bart
68%
Bethoncourt
68%
Bavans
64%
Exincourt
64%
Voujeaucourt
59%
Sainte-Suzanne
55%
Valentigney
55%
Étupes
50%
Mandeure
45%
Sainte-Marie
45%
Courcelles-lès-Montbéliard
41%
Grand-Charmont
41%
Hérimoncourt
41%
Seloncourt
41%
Vieux-Charmont
41%
Arbouans
36%
Mathay
36%
Dung
32%
Dampierre-les-Bois
27%
Écot
27%
Pont-de-Roide-Vermondans
27%
Présentevillers
27%
Taillecourt
27%
Bourguignon
23%
Brognard
23%
Colombier-Fontaine
23%
Dampierre-sur-le-Doubs
23%
Étouvans
23%
Lougres
23%
Nommay
23%
Saint-Julien-lès-Montbéliard
23%
Vandoncourt
23%
Abbévillers
18%
Berche
18%
Blamont
18%
Issans
18%
Montenois
18%
Noirefontaine
18%
Allenjoie
14%
Allondans
14%
Dambenois
14%
Raynans
14%
Saint-Maurice-Colombier
14%
Badevel
9%
Dampjoux
9%
Échenans
9%
Fesches-le-Châtel
9%
Meslières
9%
Neuchâtel-Urtière
9%
Villars-sous-Écot
9%
Dambelin
5%
Dasle
5%
Feule
5%
Glay
5%
Longevelle-sur-Doubs
5%
Rémondans-Vaivre
5%
Thulay
5%
Villars-lès-Blamont
5%
Villars-sous-Dampjoux
5%
Autechaux-Roide
0%
Beutal
0%
Bondeval
0%
Bretigney
0%
Dannemarie
0%
Écurcey
0%
Goux-lès-Dambelin
0%
Pierrefontaine-lès-Blamont
0%
Roches-lès-Blamont
0%
Semondans
0%
Solemont
0%
Aucun quiz correspondant
Distribution des résultats
% des personnes avec chaque résultat
Percentile par nombre de réponses
Votre historique - résultats
Vous n’avez pas pris ce quiz